000 00815nam a2200229Ia 4500
001 15911
003 GE_BSU
008 181216s||||||||xx |||||||||||||| ||und||
040 _cGE_BSU
080 _a821.353.1-1 + 821.353.1-11
100 _aხალვაში, ფრიდონ
245 _aმუხა და ქარი
245 _bლექსები და პოემები
245 _cრედ. ც. წუწუნავა. მხ.დ. დუნდუა. ჯ.ყავლაშვილი
260 _aბათუმი
260 _bაჭარის ასსრ სახელგამი
260 _c1958
300 _a128გვ. ; 18სმ
653 _aლექსები და პოემები
653 _aმუხა და ქარი
942 _cBK
999 _c49006
_d49006